Instruments : 2 significations (mort subite) - Statistiques

Statistiques générales
  • Ce quiz a été pris 79 fois
  • Le résultat moyen est 9 sur 35
Answers on the Grid
Answers color-coded by a green-red scale on the quiz's grid according to % correct below.
Accordéon
Sifflet
Tam-tam
Batterie
Tambour
Banjo
Balalaïka
Basse
Guitare
Basson
Clavecin
Alto
Cymbale
Baryton
Timbale
Trombone
Tuba
Bombarde
Tambourin
Grosse caisse
Violon
Contrebasse
Calebasse
Cornemuse
Harmonica
Clairon
Harmonium
Cor
Ocarina
Carillon
Saxophone
Corne
Synthétiseur
Cloche
Ukulélé
Vièle
Luth
Grelot
Piano
Harpe
Hautbois
Lyre
Pipeau
Maracas
Hochet
Orgue
Guimbarde
Mandoline
 
Statistiques - réponses
Réponse % Correct
Batterie
64%
Basse
59%
Tuba
50%
Tambour
47%
Sifflet
45%
Trombone
45%
Pipeau
44%
Corne
41%
Accordéon
39%
Alto
36%
Cor
33%
Grosse caisse
33%
Cloche
30%
Piano
30%
Hochet
28%
Bombarde
27%
Baryton
25%
Grelot
25%
Mandoline
25%
Tam-tam
25%
Timbale
23%
Carillon
22%
Calebasse
19%
Lyre
17%
Violon
17%
Orgue
16%
Basson
11%
Luth
11%
Hautbois
9%
Banjo
8%
Clairon
8%
Harpe
8%
Maracas
6%
Guimbarde
5%
Tambourin
3%
Aucun quiz correspondant
Distribution des résultats
% des personnes avec chaque résultat
Percentile par nombre de réponses
Votre historique - résultats
Vous n’avez pas pris ce quiz